01295 2200301 4500001002100000005001500021035002000036008004100056020002200097041000800119082000800127084001400135100001600149245006000165260003300225300003700258500002400295504001500319520045400334650001800788650003700806990002500843990002500868990002500893990002500918990002500943990002500968INLIS00000000000393320221026113310 a0010-0520003933221026 | | eng  a978-0-415-25097-9 aeng a337 a337 GLE g0 aGlenn, John1 aGlobalization :bNorth-South Perspectives /cJohn Glenn aNew York :bRoutledge,c2007 axv, 283 p. :b: illus. ;c23 cm. aIndeks : p. 278-283 ap. 261-277 aThis Book examines five issues areas affected by globalization: the economy; sovereignty; civil society; governance; and communication. In so doing, the book aims to articulate certain questions within each area, which we consider will allow for some judgement to be made concercning the differing perspectives on globalization. This book will be of to students of international political economy and politics and international relations in general. 4aGlobalization 4aInternational economic relations a10203/MKRI-P/XI-2008 a10204/MKRI-P/XI-2008 a10204/MKRI-P/XI-2008 a10203/MKRI-P/XI-2008 a10203/MKRI-P/XI-2008 a10204/MKRI-P/XI-2008